| 000 | 00586nam a2200229Ia 4500 | ||
|---|---|---|---|
| 003 | OSt | ||
| 005 | 20220928101807.0 | ||
| 006 | a|||||r|||| 00| 0 | ||
| 007 | ta | ||
| 008 | 220927b |||||||| |||| 00| 0 eng d | ||
| 024 | _a57668 | ||
| 037 | _cTextual | ||
| 040 |
_aSDCL _cSDCL _beng |
||
| 041 |
_2eng _aeng |
||
| 082 | _aO152,3NLA,1, KO | ||
| 100 |
_aLalit _9395228 |
||
| 245 | 0 | _aDarshan Priya. | |
| 260 |
_aVaranasi _bHindi Pracharak Partisthan _c1960 |
||
| 300 |
_a127p. _ccm. |
||
| 942 |
_hO152,3NLA,1, KO _cTEXL _2CC |
||
| 999 |
_c710872 _d710872 |
||